000 00644nam a2200157 4500
008 060221s2004 ph ch
090 _aPR9550.5
_bC68y
245 1 0 _a辛懇集-菲律賓辛懇文藝社社員自選集 The collection of proses of the sentimental Filipino-Chinese {ch} /
_c葉來城 、王勇 主編Lai Zheng Yeh and Yung Wang, ed.
260 _aManila :
_b辛懇文藝社 Sin Kenh Wen Yi Sher,
_c2004.
300 _a385 p.
650 4 _aProses.
650 4 _aShort stories, Chinese {ch}.
700 1 _aWang, Yung, co-editor.
700 1 _aYeh, Lai Zheng
951 _pC-7342
_oSP-C FilCHPR9550.5/C68y
_j070613111545828
_d2000-12-21
999 _c26126
_d26126